000 00736nam a2200229 i 4500
001 147754
003 ES-MaACL
005 20230906202235.0
007 t|
008 071005s1967 sp ||||1| spa d
080 _a799.2:639.111.1
080 _a914.6+914.4(234.1 Pirineos)
100 1 _aUrquijo, Alfonso de.
_9112204
245 1 3 _aEl Pirineo y los sarrios :
_bsinfonía cinegética /
_cAlfonso Urquijo ; ilustraciones de Francisco Andeyro.
260 _aMadrid :
_bTaurus,
_c1967.
300 _a356 p., 1 plano pleg. :
_bil. ;
_c24 cm.
650 4 _aRebecos-
_xCaza.
_916691
651 4 _aPirineos-
_xDescripción.
_99233
700 1 _aAndeyro, Francisco.
_921481
852 4 _aES-MaACL
_jC-34349
852 4 _aES-MaACL
_jE-9710
999 _c147754
_d147754